书目信息 |
| 题名: |
父母育儿课堂
|
|
| 作者: | 郑建国 , 钱伟国 主编 ;周桂强 , 庄淼 编著 | |
| 分册: | ||
| 出版信息: | 上海 上海三联书店 2015 |
|
| 页数: | 400页 | |
| 开本: | 24cm | |
| 丛书名: | ||
| 单 册: | ||
| 中图分类: | G780 | |
| 科图分类: | ||
| 主题词: | 家庭教育--儿童教育--教育方法--jia ting jiao yu | |
| 电子资源: | ||
| ISBN: | 978-7-5426-5079-5 | |
| 000 | 00952nam0 2200277 450 | |
| 001 | 012001003205 | |
| 005 | 20131025130055.0 | |
| 010 | @a978-7-5426-5079-5@dCNY60.00 | |
| 099 | @aCAL 012015075727 | |
| 100 | @a20150414d2015 em y0chiy50 ea | |
| 101 | 0 | @achi |
| 102 | @aCN@b310000 | |
| 105 | @ay z 000yy | |
| 106 | @ar | |
| 200 | 1 | @a父母育儿课堂@Afu mu yu er ke tang@f主编郑建国, 钱伟国@g编著周桂强, 庄淼 |
| 210 | @a上海@c上海三联书店@d2015 | |
| 215 | @a400页@d24cm | |
| 330 | @a本书分为名家名言、父母必读、育儿新知、青春期教育、心理指导、安全提示、专家建言等七章,从生理和心理多方面提出中肯的建议和独特的方法。 | |
| 606 | 0 | @a家庭教育@x儿童教育@x教育方法@Ajia ting jiao yu |
| 690 | @aG780@v5 | |
| 701 | 0 | @a郑建国@Azheng jian guo@4主编 |
| 701 | 0 | @a钱伟国@Aqian wei guo@4主编 |
| 702 | 0 | @a周桂强@Azhou gui qiang@4编著 |
| 702 | 0 | @a庄淼@Azhuang miao@4编著 |
| 801 | 2 | @aCN@b江苏凤凰@c20191020 |
| 905 | @b1226339-42@dG780@e1158@f4 | |
| 父母育儿课堂/主编郑建国, 钱伟国/编著周桂强, 庄淼.-上海:上海三联书店,2015 |
| 400页;24cm |
| ISBN 978-7-5426-5079-5:CNY60.00 |
| 本书分为名家名言、父母必读、育儿新知、青春期教育、心理指导、安全提示、专家建言等七章,从生理和心理多方面提出中肯的建议和独特的方法。 |
| ● |
| 相关链接 |
|
|
|
|
正题名:父母育儿课堂
索取号:G780/1158
 
预约/预借
| 序号 | 登录号 | 条形码 | 馆藏地/架位号 | 状态 | 备注 |
| 1 | 1226339 | 212263398 | 第一样本阅览室/ [索取号:G780/1158] | 在馆 | |
| 2 | 1226340 | 212263405 | 教育系资料室/ [索取号:G780/1158] | 在馆 | |
| 3 | 1226341 | 212263414 | 教育系资料室/ [索取号:G780/1158] | 在馆 | |
| 4 | 1226342 | 212263423 | 第四借阅区/ [索取号:G780/1158] | 在馆 |